Marcadores da final da Champions League - Morte súbita - Statistics

Estatísticas Gerais
  • Esse quiz foi jogado 476 vezes
    24 desde o último reset
  • A pontuação média é 13 de 36
Answers on the Grid
Answers color-coded by a green-red scale on the quiz's grid according to % correct below.
Achraf Hakimi
Désiré Doué
Chwitscha Kwarazchelia
Senny Mayulu
Vinícius Junior
Dani Carvajal
Rodri
Kai Havertz
Kingsley Coman
Divock Origi
Mohamed Salah
Karim Benzema
Gareth Bale
Mario Mandžukić
Cristiano Ronaldo
Casemiro
Marco Asensio
Sergio Ramos
Yannick Carrasco
Neymar
Luis Suárez
van Rakitić
Álvaro Morata
Marcelo
Diego Godín
İlkay Gündoğan
Arjen Robben
Thomas Müller
Didier Drogba
Pedro
Lionel Messi
David Villa
Wayne Rooney
Diego Milito
Sadio Mané
Thierry Henry
Ousmane Dembélé
Marco Reus
Erling Haaland
Mason Mount
Phil Foden
Robert Lewandowski
Kylian Mbappé
Harry Kane
Franck Ribéry
Jude Bellingham
Serge Gnabry
Leroy Sane
Heung-Min Son
Virgil van Dijk
Raphinha
Lautaro Martínez
Nicolò Barella
Kevin De Bruyne
Bruno Fernandes
Lamine Yamal
 
Estatísticas das Respostas
Resposta % Correto
Neymar
77%
Sergio Ramos
69%
Vinícius Junior
69%
Cristiano Ronaldo
62%
Désiré Doué
62%
Gareth Bale
62%
Karim Benzema
62%
Kai Havertz
54%
Rodri
54%
Casemiro
46%
Lionel Messi
46%
Achraf Hakimi
38%
Mohamed Salah
38%
Arjen Robben
31%
Chwitscha Kwarazchelia
31%
Dani Carvajal
31%
Diego Godín
31%
Diego Milito
31%
Kingsley Coman
31%
Ousmane Dembélé
31%
Sadio Mané
31%
van Rakitić
31%
David Villa
23%
Divock Origi
23%
Luis Suárez
23%
Mario Mandžukić
23%
Pedro
23%
Senny Mayulu
23%
Thomas Müller
23%
Wayne Rooney
23%
Álvaro Morata
15%
Didier Drogba
15%
Marcelo
15%
Marco Asensio
15%
Yannick Carrasco
15%
İlkay Gündoğan
8%
Nenhum quiz correspondente encontrado
Distribuição das Pontuações
Porcentagem de Pessoas com Cada Pontuação
Percentil de Números Respondidos
Sua Pontuação Histórica
Você não jogou esse quiz desde o último reset